Guess the RL team by the logo - Statistics

General Stats
  • This quiz has been taken 13 times
  • The average score is 11 of 16
Answer Stats
Picture Answer % Correct
Vitality
100%
G2 Esports
90%
Gentle Mates
90%
BDS
80%
Dignitas
80%
Karmine Corp
80%
FURIA Esports
70%
Spacestation Gaming
70%
Team Secret
70%
Cloud9
60%
PWR
60%
Team Falcons
60%
Moist Esports
50%
Oxygen Esports
40%
KC Pioneers
30%
Top blokes
30%
No matching quizzes found
Score Distribution
Percent of People with Each Score
Percentile by Number Answered
Your Score History
You have not taken this quiz